Personal property law (Registro nro. 308065)

Detalles MARC
000 -ENCABEZADO
Número de control [NR] 00822cam a2200265Mi 4500
001 - NÚMERO DE CONTROL
control field ocn491323311
005 - FECHA Y HORA DE LA ÚLTIMA TRANSACCIÓN
control field 20171120151152.0
008 - DE LONGITUD FIJA DE DATOS DE ELEMENTOS - INFORMACIÓN GENERAL
Elementos de longitud fija [NR] 171117s2000 enk f b 001 0 eng d
015 ## - NUMERO DE BIBLIOGRAFIA NACIONAL [R]
Número de bibliografía nacional [R] GBA0X6653
Fuente [NR] bnb
020 ## - NUMERO INTERNACIONAL NORMALIZADO PARA LIBROS [R]
ISBN Cancelado/ Invalidado [R] 1901362434
020 ## - NUMERO INTERNACIONAL NORMALIZADO PARA LIBROS [R]
Número Internacional Normalizado del libro [NR] 9781901362435
020 ## - NUMERO INTERNACIONAL NORMALIZADO PARA LIBROS [R]
ISBN Cancelado/ Invalidado [R] 1901362442
020 ## - NUMERO INTERNACIONAL NORMALIZADO PARA LIBROS [R]
Número Internacional Normalizado del libro [NR] 9781901362442
035 ## - NUMERO DE CONTROL DEL SISTEMA [R]
Número de control del sistema [NR] (OCoLC)491323311
040 ## - FUENTE DE CATALOGACION [NR]
Agencia de catalogación original [NR] Co-BoUCM
Idioma de catalogación [NR] spa
Quien Cataloga Saul Niño
Quien Clasifica Saul Niño
041 0# - CODIGO DE IDIOMA [R]
Código de idioma para texto/pista de sonido o título separado [R] Inglés
100 1# - ASIENTO PRINCIPAL--NOMBRE PERSONAL [NR]
Nombre personal [NR] Worthington, Sarah
ID Autoridad 89108
245 10 - MENCION DE TITULO [NR]
Título [NR] Personal property law
Parte restante del título [NR] texts, cases and materials
Mención de responsabilidad, etc. [NR] Sarah Worthington
260 ## - PUBLICACION, DISTRIBUCION, ETC. (PIE DE IMPRENTA) [R]
Lugar de publicación, distribución, etc. [R] Oxford
-- Portland, Ore
Nombre del editor, distribuidor, etc. [R] Hart
Fecha de publicación, distribución, etc. [R] 2000
300 ## - DESCRIPCION FISICA [R]
Extensión [R] xl, 716 páginas
650 #7 - ASIENTO SECUNDARIO DE MATERIA - TERMINO TEMATICO [R]
Término temático o nombre geográfico como elemento de entrada [NR] Bienes muebles
Subdivisión geográfica [R] Gran Bretaña
9 (RLIN) 10071
650 #7 - ASIENTO SECUNDARIO DE MATERIA - TERMINO TEMATICO [R]
Término temático o nombre geográfico como elemento de entrada [NR] Derecho privado
9 (RLIN) 437
942 ## - ELEMENTOS DE ENTRADA AGREGADOS (KOHA)
Sistema de clasificación DEWEY
Tema principal Derecho
Tipo de ítem principal el descrito en 300a Libro
Edición 1
Clasificación 346.42047
Parte restante de la signatura top. W933p
Existencias
Fecha de último préstamo Total préstamos Signatura topográfica Código de barras Última vez visto Ejemplar Costo de reposición Price effective from Tipo de ítem Perdido Sistema de clasificación Dañado No prestable Tipo de ítem específico Suprimido Ubicación habitual Ubicación actual Localización Fecha de creación Proveedor Forma de adquisición Costo
26/01/2018 1 346.42047 W933p 100155439 06/06/2024 Ej.1 234166.00 08/11/2017 Libro   DEWEY     Libro   Bodega Bodega 3er piso 08/11/2017 15 Compra 234166.00